| 000 | 00719nam a2200205 4500 | ||
|---|---|---|---|
| 003 | CO-ViMGA | ||
| 020 | _a978-958-30-4852-4 | ||
| 040 |
_aCO-ViMGA _bspa _cCO-ViMGA |
||
| 082 | 0 | 4 |
_aI793.735 _bR15m |
| 245 | 1 | 0 |
_aMis mejores adivinanzas / _cselección, Cristina Ramos ; ilustraciones, María del Rosario Uribe L. ; [edición, Raquel Mireya Fonseca Leal] |
| 250 | _a1a. ed. | ||
| 260 |
_aBogotá : _bPanamericana, _c2015. |
||
| 300 |
_a224 p. ; _bil. col. ; 28 cm. |
||
| 650 | 1 | 4 |
_aAdivinanzas _9843 |
| 650 | 1 | 4 |
_aLiteratura folclórica _92282 |
| 700 | 1 |
_aFonseca Leal, Raquel Mireya, _e editor _91881 |
|
| 700 | 1 |
_aRamos, Cristina _92283 |
|
| 700 | 1 |
_aUribe L., María del Rosario, _eilustrador _92284 |
|
| 942 |
_2ddc _cBK |
||
| 999 |
_c33759 _d33759 |
||